[Event "GRE-ch U18"]
[Site "Rethymno"]
[Date "2019.01.07"]
[Round "8"]
[White "Sarafis, Rafail"]
[Black "Fyntrilakis, Kyriakos"]
[Result "0-1"]
[WhiteElo "1069"]
[BlackElo "1835"]
[PlyCount "92"]
[EventDate "2019.01.02"]
[EventType "swiss"]
[EventRounds "9"]
[EventCountry "GRE"]
[SourceTitle "CBM 188 Extra"]
[Source "ChessBase"]
[SourceDate "2019.02.26"]
[SourceVersion "1"]
[SourceVersionDate "2019.02.26"]
[SourceQuality "1"]

1. d4 Nf6 2. c4 e6 3. Nc3 Bb4 4. Qc2 d5 5. Nf3 Ne4 6. Bd2 Bxc3 7. Bxc3 b6 8. Bb4 c5 9. cxd5 exd5 10. dxc5 bxc5 11. Bxc5 Bf5 12. Qa4+ Bd7 13. Qd4 Nf6 14. e3 Nc6 15. Qc3 Ne7 16. Bxe7 Qxe7 17. Qe5 Be6 18. Bb5+ Kf8 19. 0-0 Qb4 20. Bd3 Re8 21. Qd4 Qe7 22. Rac1 Rb8 23. Rc2 Rb4 24. Qc3 g6 25. Rfc1 Rb7 26. Ne5 Kg7 27. b3 Qd6 28. Qc6 Qb8 29. Qc3 Re8 30. Qb2 Qd6 31. Rc6 Qb4 32. Qc3 Qe7 33. Qc5 Qd8 34. Ba6 Rbe7 35. Rd6 Qa8 36. Qb5 Ne4 37. Rdc6 f6 38. Rxe6 Rxe6 39. Bb7 Qb8 40. Nd7 Nd6 41. Nxb8 Nxb5 42. Bxd5 Rd6 43. Nd7 Rxd5 44. a4 Rxd7 45. axb5 Rb8 46. Rc5 Rd1# 0-1

[Event "GRE-ch U18"]
[Site "Rethymno"]
[Date "2019.01.03"]
[Round "2"]
[White "Bairamian, Artur"]
[Black "Fyntrilakis, Kyriakos"]
[Result "1/2-1/2"]
[WhiteElo "1411"]
[BlackElo "1835"]
[PlyCount "83"]
[EventDate "2019.01.02"]
[EventType "swiss"]
[EventRounds "9"]
[EventCountry "GRE"]
[SourceTitle "CBM 188 Extra"]
[Source "ChessBase"]
[SourceDate "2019.02.26"]
[SourceVersion "1"]
[SourceVersionDate "2019.02.26"]
[SourceQuality "1"]

1. Nf3 Nf6 2. g3 d5 3. Bg2 e6 4. d4 c5 5. 0-0 Bd6 6. c4 Ne4 7. cxd5 exd5 8. Be3 c4 9. Nfd2 Nf6 10. Bg5 Be7 11. Nc3 Be6 12. Qa4+ Nc6 13. Qb5 a6 14. Qa4 b5 15. Qd1 Rc8 16. Bxf6 Bxf6 17. e3 0-0 18. Qf3 Ne7 19. a3 Qd7 20. h3 Rfd8 21. Kh2 Nf5 22. Rac1 Bg5 23. Rfd1 Qd6 24. Qh5 Bxe3 25. fxe3 Qxg3+ 26. Kh1 Qxe3 27. Qf3 Qg5 28. Nf1 Nxd4 29. Qg3 Qh6 30. Nd2 Nf5 31. Qf2 Ne3 32. Rg1 Nxg2 33. Rxg2 Qxh3+ 34. Rh2 Qd3 35. Rg1 d4 36. Nce4 f5 37. Rxh7 Kxh7 38. Qh4+ Kg8 39. Rxg7+ Kxg7 40. Qf6+ Kh7 41. Ng5+ Kg8 42. Qg6+ 1/2-1/2

[Event "Paleochora op 11th"]
[Site "Paleochora"]
[Date "2018.07.18"]
[Round "1"]
[White "Neelotpal, Das"]
[Black "Fyntrilakis, Kyriakos"]
[Result "1-0"]
[WhiteElo "2426"]
[BlackElo "1665"]
[PlyCount "107"]
[EventDate "2018.07.18"]
[EventType "swiss"]
[EventRounds "9"]
[EventCountry "GRE"]
[SourceTitle "CBM 186 Extra"]
[Source "ChessBase"]
[SourceDate "2018.08.24"]
[SourceVersion "1"]
[SourceVersionDate "2018.08.24"]
[SourceQuality "1"]

1. Nf3 d5 2. g3 g6 3. Bg2 Bg7 4. d4 Nf6 5. 0-0 0-0 6. c4 c6 7. b3 a5 8. Nbd2 Ne4 9. Bb2 Nxd2 10. Nxd2 b6 11. e4 Bb7 12. Qc2 Na6 13. Rad1 Rc8 14. a3 Nc7 15. Rfe1 Ne6 16. Nf3 Qc7 17. Bh3 Bf6 18. b4 axb4 19. axb4 Rcd8 20. e5 Bg7 21. c5 bxc5 22. bxc5 Ba6 23. Nd2 Bb5 24. f4 Ra8 25. Ra1 Rfb8 26. f5 Nf8 27. Bc3 Rxa1 28. Rxa1 Qb7 29. Nf3 Bc4 30. Nd2 Bb5 31. Rb1 Qa7 32. Ra1 Qb7 33. Qa2 Bh6 34. Kf2 Bd3 35. fxg6 hxg6 36. Qa7 Bxd2 37. Qxb7 Rxb7 38. Bxd2 Rb2 39. Ke1 Rb1+ 40. Rxb1 Bxb1 41. Bc1 Ne6 42. Be3 Bd3 43. Kd2 Bb5 44. Kc3 Nc7 45. Kb4 Kf8 46. Bd7 Na6+ 47. Ka5 Nb8 48. Bh6+ Kg8 49. Bc8 Bd3 50. Kb6 Bf5 51. Bxf5 gxf5 52. Kb7 Nd7 53. Kxc6 Nb8+ 54. Kb7 1-0

[Event "GRE-ch U20"]
[Site "Chania"]
[Date "2018.04.16"]
[Round "9"]
[White "Tsobanakis, Stelios"]
[Black "Fyntrilakis, Kyriakos"]
[Result "1/2-1/2"]
[WhiteElo "1197"]
[BlackElo "1689"]
[PlyCount "64"]
[EventDate "2018.04.10"]
[EventType "swiss"]
[EventRounds "9"]
[EventCountry "GRE"]
[SourceTitle "CBM 184 Extra"]
[Source "ChessBase"]
[SourceDate "2018.06.28"]
[SourceVersion "1"]
[SourceVersionDate "2018.06.28"]
[SourceQuality "1"]

1. e4 c5 2. Nf3 d6 3. d4 cxd4 4. Nxd4 Nf6 5. Nc3 Nc6 6. Be3 Ng4 7. Bb5 Nxe3 8. Nxc6 bxc6 9. Bxc6+ Bd7 10. Bxd7+ Qxd7 11. fxe3 Rb8 12. Rb1 g6 13. h3 Bg7 14. Qd2 Qc6 15. 0-0 0-0 16. Nd5 Rb7 17. Qd3 Qd7 18. b3 f5 19. exf5 gxf5 20. c4 Kh8 21. b4 Qe6 22. a4 Qg6 23. b5 e5 24. a5 Bh6 25. b6 axb6 26. a6 Rg7 27. Rf2 Qg3 28. Qe2 Qxh3 29. Rxb6 Rg4 30. a7 Rfg8 31. Rb8 Bf8 32. Qxg4 Qxg4 1/2-1/2

[Event "GRE-ch Schools Gymnasia-A 30th"]
[Site "Peristeri"]
[Date "2018.04.01"]
[Round "6"]
[White "Fyntrilakis, Kyriakos"]
[Black "Gavriil, Odysseas Panagiotis"]
[Result "1-0"]
[WhiteElo "1689"]
[BlackElo "1946"]
[PlyCount "75"]
[EventDate "2018.04.01"]
[EventType "swiss (rapid)"]
[EventRounds "9"]
[EventCountry "GRE"]
[SourceTitle "EXT 2019"]
[Source "ChessBase"]
[SourceDate "2018.10.10"]
[SourceVersion "1"]
[SourceVersionDate "2018.10.10"]
[SourceQuality "1"]

1. e4 c5 2. Nf3 Nc6 3. d4 cxd4 4. Nxd4 g6 5. Nc3 Bg7 6. Be3 Nf6 7. f3 0-0 8. Nb3 d6 9. Qd2 Be6 10. Be2 Rc8 11. 0-0 a6 12. a4 Ne5 13. Rfd1 Bc4 14. Bd4 Bxe2 15. Nxe2 Nc4 16. Qd3 Nd7 17. f4 Bxd4+ 18. Qxd4 Qb6 19. a5 Qxd4+ 20. Nbxd4 e5 21. Nf3 Rc6 22. b3 Ne3 23. Rd3 Nxc2 24. Rad1 exf4 25. Rxd6 Rxd6 26. Rxd6 Nc5 27. Nxf4 Rc8 28. Nd5 Kf8 29. Nb6 Rc6 30. Rxc6 bxc6 31. Ne5 Nd4 32. Ned7+ Nxd7 33. Nxd7+ Ke7 34. Nc5 Kd6 35. b4 Ke5 36. Kf2 Ne6 37. Nxa6 Kxe4 38. Nc5+ 1-0

[Event "GRE-chT 45th"]
[Site "Achaia"]
[Date "2017.07.05"]
[Round "4.3"]
[White "Fyntrilakis, Kyriakos"]
[Black "Fragkos, Vasileios"]
[Result "0-1"]
[WhiteElo "1647"]
[BlackElo "1605"]
[PlyCount "86"]
[EventDate "2017.07.03"]
[EventType "team-swiss"]
[EventRounds "7"]
[EventCountry "GRE"]
[SourceTitle "CBM 179 Extra"]
[Source "ChessBase"]
[SourceDate "2017.08.23"]
[SourceVersion "1"]
[SourceVersionDate "2017.08.23"]
[SourceQuality "1"]
[WhiteTeam "Chania ADA"]
[BlackTeam "Peristeriou CP"]
[WhiteTeamCountry "GRE"]
[BlackTeamCountry "GRE"]

1. e4 e5 2. Nf3 Nc6 3. Bb5 a6 4. Ba4 Nf6 5. 0-0 Be7 6. Re1 b5 7. Bb3 d6 8. c3 0-0 9. h3 Bb7 10. d4 exd4 11. cxd4 Nb8 12. Nbd2 Nbd7 13. Bc2 c5 14. Nf1 Re8 15. Ng3 g6 16. b3 Bf8 17. Bb2 Bg7 18. Qd2 Nb6 19. Rad1 Rc8 20. Bb1 b4 21. dxc5 dxc5 22. Qg5 Nfd7 23. Qxd8 Rexd8 24. Bxg7 Kxg7 25. Rd6 Kf8 26. Nd2 Rc6 27. Rxc6 Bxc6 28. Nf3 a5 29. Rd1 Ke7 30. Kf1 a4 31. Ke2 axb3 32. axb3 Ra8 33. Kd2 Ra3 34. Kc2 c4 35. Nd4 cxb3+ 36. Kc1 Ba4 37. Re1 Nc4 38. Kd1 b2+ 39. Ke2 Nc5 40. Nf1 Ra1 41. Nd2 Na3 42. g3 b3 43. f3 Nc2 0-1

[Event "GRE-ch U12"]
[Site "Achaia"]
[Date "2017.06.27"]
[Round "2"]
[White "Diamantakos, Sotirios"]
[Black "Fyntrilakis, Kyriakos"]
[Result "1/2-1/2"]
[WhiteElo "1434"]
[BlackElo "1647"]
[PlyCount "184"]
[EventDate "2017.06.26"]
[EventType "swiss"]
[EventRounds "9"]
[EventCountry "GRE"]
[SourceTitle "EXT 2018"]
[Source "ChessBase"]
[SourceDate "2017.10.13"]
[SourceVersion "1"]
[SourceVersionDate "2017.10.13"]
[SourceQuality "1"]

1. e4 c5 2. Nf3 d6 3. Bb5+ Nd7 4. c4 Ngf6 5. Nc3 g6 6. d4 cxd4 7. Nxd4 Bg7 8. f3 0-0 9. Bxd7 Bxd7 10. Be3 Rc8 11. b3 a6 12. a4 b6 13. Rc1 Qc7 14. 0-0 Qb7 15. Qd3 Rc7 16. Rfe1 Bc6 17. Nd5 Bxd5 18. exd5 Nd7 19. Re2 Nc5 20. Qc2 h6 21. Bf2 Re8 22. Rce1 Qc8 23. b4 Nd7 24. Nc6 Ne5 25. Bxb6 Nxc6 26. dxc6 Rxc6 27. c5 Bd4+ 28. Kh1 dxc5 29. bxc5 Bxc5 30. Rc1 Rxb6 31. Re5 Rc6 32. Rxc5 Rxc5 33. Qxc5 Qxc5 34. Rxc5 Rd8 35. Kg1 Rd6 36. Kf2 Kg7 37. Ke3 f5 38. h4 Kf6 39. f4 Re6+ 40. Kf3 Rd6 41. Ke3 g5 42. g3 gxh4 43. gxh4 Kg6 44. h5+ Kxh5 45. Rxf5+ Kg4 46. Re5 e6 47. Ke4 Rd1 48. Ra5 Re1+ 49. Kd3 h5 50. Rg5+ Kxf4 51. Rxh5 Re5 52. Rh4+ Kg5 53. Rc4 Kf5 54. Kc3 a5 55. Kd3 Rd5+ 56. Ke3 Ke5 57. Rc6 Kf5 58. Rc8 e5 59. Rf8+ Ke6 60. Ra8 Rc5 61. Rd8 Rc4 62. Re8+ Kd5 63. Rd8+ Kc5 64. Re8 Kb4 65. Rxe5 Kxa4 66. Kd3 Rh4 67. Kc3 Rg4 68. Rc5 Rg3+ 69. Kc4 Rg1 70. Rf5 Rc1+ 71. Kd3 Kb4 72. Rf8 a4 73. Rb8+ Ka3 74. Kd2 Rc7 75. Rb6 Ka2 76. Ra6 a3 77. Rb6 Ka1 78. Ra6 Kb2 79. Rb6+ Ka2 80. Rb5 Rh7 81. Kc1 Rh1+ 82. Kc2 Ka1 83. Rb6 Rh2+ 84. Kc1 Rb2 85. Ra6 Rb3 86. Kc2 Rh3 87. Rb6 Rh2+ 88. Kc1 Rh5 89. Ra6 Rc5+ 90. Kd2 Kb2 91. Rb6+ Ka2 92. Rb7 Rd5+ 1/2-1/2

[Event "GRE-ch U20"]
[Site "Chania"]
[Date "2017.01.03"]
[Round "3"]
[White "Fyntrilakis, Kyriakos"]
[Black "Patrelakis, Evaggelos"]
[Result "0-1"]
[WhiteElo "1656"]
[BlackElo "1887"]
[PlyCount "72"]
[EventDate "2017.01.02"]
[EventType "swiss"]
[EventRounds "9"]
[EventCountry "GRE"]
[SourceTitle "EXT 2024"]
[Source "ChessBase"]
[SourceDate "2023.10.10"]
[SourceVersion "1"]
[SourceVersionDate "2023.10.10"]
[SourceQuality "1"]

1. e4 c5 2. Nf3 e6 3. d4 cxd4 4. Nxd4 Nf6 5. Nc3 d6 6. Be2 a6 7. f4 Be7 8. Be3 Nc6 9. Bf3 Qc7 10. 0-0 0-0 11. Kh1 Bd7 12. Qd2 Rac8 13. Nxc6 Bxc6 14. a4 b6 15. Rad1 Rfd8 16. Qf2 Nd7 17. e5 Bxf3 18. exd6 Bxg2+ 19. Qxg2 Bxd6 20. f5 Be5 21. Bg5 Re8 22. f6 g6 23. Ne4 Nc5 24. Nxc5 Qxc5 25. c3 Rcd8 26. Rde1 Bc7 27. Rf3 Qc6 28. Ref1 Rd7 29. Qh3 h5 30. Be3 Red8 31. Qh4 Rd1 32. Qf2 Qxa4 33. Bd4 e5 34. Qe3 Rxf1+ 35. Rxf1 Qc6+ 36. Kg1 Kh7 0-1

[Event "Paleochora op 9th"]
[Site "Paleochora"]
[Date "2016.07.20"]
[Round "1"]
[White "Andreev, Eduard"]
[Black "Fyntrilakis, Kyriakos"]
[Result "1-0"]
[WhiteElo "2441"]
[BlackElo "1575"]
[PlyCount "43"]
[EventDate "2016.07.20"]
[EventType "swiss"]
[EventRounds "9"]
[EventCountry "GRE"]
[SourceTitle "EXT 2017"]
[Source "ChessBase"]
[SourceDate "2016.10.25"]
[SourceVersion "1"]
[SourceVersionDate "2016.10.25"]
[SourceQuality "1"]

1. e4 c5 2. Nf3 d6 3. d4 cxd4 4. Nxd4 Nf6 5. Nc3 Nc6 6. Bg5 Bd7 7. Qd2 Rc8 8. Nb3 a6 9. 0-0-0 Ne5 10. f4 Nc4 11. Bxc4 Rxc4 12. e5 dxe5 13. fxe5 Ng8 14. Rhf1 Qc8 15. Nd5 Rc6 16. Nd4 Bg4 17. Nxc6 bxc6 18. Nb6 Qc7 19. Qd4 Bxd1 20. Rxd1 h6 21. Na8 Qc8 22. Qa7 1-0

[Event "GRE-ch U12"]
[Site "Porto Rio"]
[Date "2016.07.04"]
[Round "9"]
[White "Fyntrilakis, Kyriakos"]
[Black "Tzagarakis, Panagiotis"]
[Result "0-1"]
[WhiteElo "1575"]
[BlackElo "1473"]
[PlyCount "90"]
[EventDate "2016.06.28"]
[EventType "swiss"]
[EventRounds "9"]
[EventCountry "GRE"]
[SourceTitle "CBM 173 Extra"]
[Source "ChessBase"]
[SourceDate "2016.08.29"]
[SourceVersion "1"]
[SourceVersionDate "2016.08.29"]
[SourceQuality "1"]

1. e4 c5 2. Nf3 e6 3. d4 cxd4 4. Nxd4 Nf6 5. Nc3 d6 6. Be2 a6 7. f4 Qc7 8. Bf3 Be7 9. g4 Nc6 10. g5 Nd7 11. Be3 Nb6 12. Bf2 Bd7 13. Qe2 Na5 14. Nb3 Nac4 15. Bxb6 Nxb6 16. Nd2 Bc6 17. h4 0-0-0 18. 0-0-0 d5 19. exd5 Nxd5 20. Nxd5 Bxd5 21. Bxd5 Rxd5 22. Rhf1 Rf5 23. Qc4 Rc5 24. Qb3 Bd6 25. f5 exf5 26. Kb1 Be5 27. Rxf5 Rb5 28. Rxf7 Qc6 29. Qh3+ Kb8 30. Nb3 Rc8 31. Rf2 a5 32. Qd3 Qb6 33. a4 Rxb3 34. Qxb3 Qxf2 35. Rd7 Qe1+ 36. Ka2 Qb4 37. Qxb4 axb4 38. Kb3 Rc7 39. Rd5 Re7 40. Rb5 Bd6 41. Rd5 Kc7 42. Kc4 Re4+ 43. Kb5 Rxh4 44. Rf5 Rf4 45. Rd5 g6 0-1

[Event "GRE-ch U12"]
[Site "Porto Rio"]
[Date "2016.07.01"]
[Round "5"]
[White "Fyntrilakis, Kyriakos"]
[Black "Papagiannis, Asterios"]
[Result "1-0"]
[WhiteElo "1575"]
[BlackElo "1464"]
[PlyCount "137"]
[EventDate "2016.06.28"]
[EventType "swiss"]
[EventRounds "9"]
[EventCountry "GRE"]
[SourceTitle "CBM 173 Extra"]
[Source "ChessBase"]
[SourceDate "2016.08.29"]
[SourceVersion "1"]
[SourceVersionDate "2016.08.29"]
[SourceQuality "1"]

1. e4 c6 2. d4 d5 3. Nc3 dxe4 4. Nxe4 Bf5 5. Ng3 Bg6 6. h4 h6 7. N1e2 e6 8. Nf4 Bh7 9. Bc4 Nf6 10. 0-0 Bd6 11. c3 Bxf4 12. Bxf4 0-0 13. Re1 Nbd7 14. Qe2 Re8 15. h5 Nd5 16. Qf3 Nxf4 17. Qxf4 Nb6 18. Bb3 Nd5 19. Qd2 Rc8 20. Rad1 Qc7 21. Re5 Red8 22. Ne2 Bf5 23. Nf4 Nf6 24. Bc2 Qxe5 25. dxe5 Rxd2 26. Rxd2 Bxc2 27. exf6 Bf5 28. fxg7 Kxg7 29. f3 e5 30. Ne2 Rc7 31. Ng3 Bc8 32. Ne4 Bf5 33. Nd6 Bd7 34. Kf2 Kf6 35. Ne4+ Kg7 36. Nc5 Bc8 37. Rd8 b6 38. Ne4 Be6 39. Nd6 Bd7 40. Ke3 f6 41. Ke4 b5 42. Nf5+ Bxf5+ 43. Kxf5 c5 44. Rd6 Rf7 45. Rc6 c4 46. Ra6 Rd7 47. a3 Rf7 48. g4 Rd7 49. Rxf6 Rd2 50. Rg6+ Kh7 51. Ra6 Rxb2 52. Rxa7+ Kg8 53. Kg6 Kf8 54. Kxh6 Rb3 55. Kg6 Rxc3 56. Rf7+ Ke8 57. h6 Rc1 58. h7 Rh1 59. Rb7 c3 60. Rxb5 c2 61. Rc5 c1Q 62. Rxc1 Rxc1 63. h8Q+ Kd7 64. Qxe5 Rc6+ 65. Kf5 Rc7 66. g5 Rc8 67. g6 Rf8+ 68. Kg4 Rg8 69. Qd5+ 1-0

[Event "GRE-ch U12"]
[Site "Porto Rio"]
[Date "2016.07.01"]
[Round "6"]
[White "Fyntrilakis, Kyriakos"]
[Black "Stratigos, Spiros"]
[Result "1-0"]
[WhiteElo "1575"]
[BlackElo "1592"]
[PlyCount "63"]
[EventDate "2016.06.28"]
[EventType "swiss"]
[EventRounds "9"]
[EventCountry "GRE"]
[SourceTitle "CBM 173 Extra"]
[Source "ChessBase"]
[SourceDate "2016.08.29"]
[SourceVersion "1"]
[SourceVersionDate "2016.08.29"]
[SourceQuality "1"]

1. e4 c5 2. Nf3 d6 3. d4 cxd4 4. Nxd4 Nf6 5. Nc3 g6 6. Be3 Bg7 7. f3 0-0 8. Qd2 Nc6 9. Bc4 Bd7 10. 0-0-0 Rb8 11. h4 b5 12. Bd3 b4 13. Nce2 Qa5 14. Kb1 Ne5 15. h5 d5 16. hxg6 fxg6 17. Bh6 Nf7 18. Bxg7 Kxg7 19. Nf4 Qb6 20. Nde2 e6 21. Qe1 Rg8 22. Qg3 dxe4 23. Bxe4 Nxe4 24. fxe4 Bc8 25. Nh5+ Kf8 26. Nf6 Rg7 27. Nxh7+ Ke7 28. Ng5 e5 29. Nxf7 Rxf7 30. Qxe5+ Be6 31. Nf4 Rg8 32. Nd5+ 1-0

[Event "GRE-ch U10"]
[Site "Rio Achaia"]
[Date "2015.07.02"]
[Round "9.1"]
[White "Fyntrilakis, Kyriakos"]
[Black "Krallis, Christos"]
[Result "0-1"]
[WhiteElo "1398"]
[BlackElo "1836"]
[PlyCount "136"]
[EventDate "2015.06.26"]
[EventType "swiss"]
[EventRounds "9"]
[EventCountry "GRE"]
[SourceTitle "EXT 2024"]
[Source "ChessBase"]
[SourceDate "2023.10.10"]
[SourceVersion "1"]
[SourceVersionDate "2023.10.10"]
[SourceQuality "1"]

1. e4 c5 2. Nf3 e6 3. c4 Nc6 4. Nc3 Nge7 5. Be2 Nd4 6. 0-0 Nec6 7. d3 Be7 8. Be3 0-0 9. Qd2 b6 10. Nb5 e5 11. Nc3 f5 12. exf5 Nxf5 13. Nd5 d6 14. Ng5 Nxe3 15. Nxe7+ Qxe7 16. Qxe3 Nd4 17. Bd1 Bb7 18. Ne4 Qe6 19. Rc1 Qg6 20. f3 Bc8 21. Qg5 Qxg5 22. Nxg5 Bf5 23. Ne4 Rad8 24. Rc3 Rf7 25. Kf2 h6 26. Ke3 Be6 27. Rc1 Kf8 28. Rf2 Ke7 29. Rf1 Kd7 30. Ba4+ Kc7 31. Nc3 a6 32. Rf2 Rb8 33. Bd1 b5 34. b3 Kc6 35. Ne4 Rc7 36. h3 Rd8 37. Rd2 Rf7 38. Rf2 Rb7 39. Rd2 Kb6 40. Nc3 Nf5+ 41. Ke2 d5 42. Rb2 Kc6 43. cxb5+ axb5 44. Nb1 Kd6 45. Nd2 Nd4+ 46. Ke3 b4 47. Kf2 Ra8 48. Bc2 Rba7 49. Bb1 Nb5 50. g4 Nc3 51. Ke3 Nxb1 52. Nxb1 Rxa2 53. Rcc2 Rxb2 54. Rxb2 Kc6 55. f4 exf4+ 56. Kxf4 Kd6 57. Nd2 Rf8+ 58. Kg3 Bd7 59. Nf3 d4 60. Nd2 Bb5 61. Ne4+ Kd5 62. Nf2 Re8 63. Kf4 Re3 64. Rd2 Ke6 65. h4 Bc6 66. g5 Rf3+ 67. Kg4 h5+ 68. Kxh5 Kf5 0-1

[Event "GRE-ch U10"]
[Site "Rio Achaia"]
[Date "2015.06.28"]
[Round "4.3"]
[White "Fyntrilakis, Kyriakos"]
[Black "Mallios, Ioannis"]
[Result "1-0"]
[WhiteElo "1398"]
[BlackElo "1339"]
[PlyCount "117"]
[EventDate "2015.06.26"]
[EventType "swiss"]
[EventRounds "9"]
[EventCountry "GRE"]
[SourceTitle "EXT 2024"]
[Source "ChessBase"]
[SourceDate "2023.10.10"]
[SourceVersion "1"]
[SourceVersionDate "2023.10.10"]
[SourceQuality "1"]

1. e4 c5 2. Nf3 e6 3. c4 Nc6 4. Be2 d6 5. d4 cxd4 6. Nxd4 Nf6 7. Nc3 Be7 8. 0-0 0-0 9. Be3 Bd7 10. f3 h6 11. Qd2 a6 12. Rfd1 Qc7 13. Rac1 Qb8 14. a3 Rc8 15. Bf1 Ne5 16. b3 d5 17. exd5 exd5 18. Nxd5 Nxd5 19. cxd5 Bxa3 20. Rc2 Rxc2 21. Qxc2 Bd6 22. Nf5 Bxf5 23. Qxf5 b5 24. f4 Ng6 25. g3 Qc8 26. Qe4 Qe8 27. Qf3 Rc8 28. Bf2 Qd7 29. Ra1 Qb7 30. Bh3 Rc7 31. Bf5 Ne7 32. Bh3 Bc5 33. Bg2 Bxf2+ 34. Qxf2 Qa7 35. d6 Qxf2+ 36. Kxf2 Rc2+ 37. Kf1 Nc6 38. Rxa6 Rc1+ 39. Kf2 Rc2+ 40. Ke3 Nb8 41. Ra8 Rc8 42. d7 Rf8 43. Bh3 Nxd7 44. Rxf8+ Nxf8 45. Kd4 f6 46. Kc5 Kf7 47. Kxb5 Ke7 48. Kc6 g5 49. fxg5 hxg5 50. Bf5 Ne6 51. Bxe6 Kxe6 52. b4 f5 53. b5 f4 54. gxf4 gxf4 55. b6 f3 56. b7 f2 57. b8Q f1Q 58. Qe8+ Kf6 59. Qf8+ 1-0